Nederlandse Steden - Sudden Death - Statistieken

Algemene statistieken
  • Deze quiz is 8.719 keer genomen
    8.689 sinds de laatste reset
  • De gemiddelde score is 11 van 16
Answers on the Grid
Answers color-coded by a green-red scale on the quiz's grid according to % correct below.
Aken
Aalst
Alkmaar
Amsterdam
Antwerpen
Arnhem
Bergen op Zoom
Breda
Dokkum
Dordrecht
Duisburg
Düren
Eindhoven
Emden
Emmen
Gelre
Goes
Groningen
Hasselt (Hesel)
Knokke-Heist
Leeuwarden
Lingen
Nijmegen
Norden
Nordenham
Ochtrup
Oostburg
Papenburg
Roermond
Vlissingen
 
Antwoordstatistieken
Antwoord % Correct
Amsterdam
88%
Alkmaar
85%
Breda
82%
Arnhem
81%
Eindhoven
77%
Dordrecht
76%
Bergen op Zoom
74%
Groningen
67%
Leeuwarden
66%
Emmen
63%
Nijmegen
60%
Roermond
60%
Vlissingen
58%
Dokkum
57%
Goes
55%
Oostburg
16%
Geen overeenkomende quizzen gevonden
Scoreverdeling
Procent van Mensen met Elke Score
Percentiel versus Aantal Correcte Antwoorden
Uw Scoregeschiedenis
U heeft deze quiz nog niet genomen sinds de laatste reset